000 01644nam0a2200349 4500
001 RU\NLR\bibl\1772504
005 20260407194255.0
010 _a978-5-85879-684--9
_91500
021 _aRU
_b2011-33031
_92356
035 _a(nilc)RSL-KNO-004939241
035 _a(NLR Aleph) 001763285
090 _a1591858
_c1591858
100 _a20110510d2011 |||y0rusy50 ca
101 0 _arus
102 _aRU
105 _aa |||||||||
200 1 _aВостребованы
_eветераны УВД по Архангельской области хранят и передают традиции
_e[сборник]
_fУпр. внутр. дел по Архангел. обл., Архангел. рег. отд-ние обществ. орг. ветеранов ОВД и ВВ России
_g[подгот.: Алешинцев С.П. и др.]
210 _aАрхангельск
_cПравда Севера
_d2011
215 _a393, [3] с.
_cил., портр., цв. ил., портр.
_d22
606 1 _aВетераны органов внутренних дел
_yАрхангельская область
_92629636
_3RU\NLR\auth\661566196
686 _aХ621.163.01-7,0
_2rubbk
686 _aХ621.163.01-1
702 1 _aАлешинцев
_bС. П.
_gСергей Петрович
_4220
711 0 1 _aАрхангельская область
_bУправление внутренних дел
_9753884
_3RU\NLR\AUTH\8810128426
801 0 _aRU
_bRuMoRKP
_c20110510
_grcr
801 1 _aRU
_bРГБ
_c20110510
801 2 _aRU
_bNLR
_c20110524
_grcr
830 _aсост. по кн.
942 _cBOOK
980 _aNB
980 _aNBR